| 000 | 01107nam a22002537a 4500 | ||
|---|---|---|---|
| 005 | 20100910150449.0 | ||
| 008 | 100910t xxu||||| |||| 00| 0 hin d | ||
| 010 | _aHIN-90473 | ||
| 020 |
_c250.00 _a8186209786 |
||
| 035 | _aHN-62819 | ||
| 037 | _bDBAD / PUB | ||
| 040 | b |
_aDPL _bHN |
|
| 082 | _aउ | ||
| 100 |
_919362 _aश्रीवास्तव, विनोद कुमार |
||
| 245 |
_aवजह बेगानगी नहीं मालूम / _cविनोद कुमार श्रीवास्तव |
||
| 260 |
_aहापुड़ _bसंङावना प्रकाशन _c2010 |
||
| 270 |
_bहापुड़ _aरेवती कुंज _e245101 |
||
| 300 |
_a152पृ. _c22सेमी (सजिल्द) |
||
| 650 |
_91169 _aहिन्दी कथा साहित्य |
||
| 700 | _919359 | ||
| 700 | _919788 | ||
| 942 |
_2ddc _cHN _mश्रीवास्त _hउ |
||
| 999 |
_c45762 _d45762 |
||